• 首页
  • 本馆介绍
  • 公告通知
  • 最新文献
  • 馆藏检索
  • 电子资源
  • 读者导购
  • 参考咨询
  • 我的图书馆
  • 登录
  • 详细信息显示
  • 放入我的书架
  • 预约/预借图书
  • 作者相关作品
  • 分类相关作品
  • 丛书相关作品
  • 出版社相关作品

书目信息

  • 表格格式
  • 工作单格式
  • 卡片格式
题名:
羽毛球运动教学与创新研究
    
 
作者: 邓永兴 著
分册:  
出版信息: 汕头   汕头大学出版社  2022
页数: 184页
开本: 24cm
丛书名:
单 册:
中图分类: G847.2 , G847
科图分类:
主题词: 羽毛球运动--体育教学--教学研究
电子资源:
ISBN: 978-7-5658-4689-2
000 01088nam0 2200229 450
001 2365156604
005 20231119180608.60
010    @a978-7-5658-4689-2@dCNY58.00
100    @a20220926d2022 em y0chiy50 ea
101 0  @achi
102    @aCN@b440000
105    @ay z 000yy
200 1  @a羽毛球运动教学与创新研究@Ayu mao qiu yun dong jiao xue yu chuang xin yan jiu@f邓永兴著
210    @a汕头@c汕头大学出版社@d2022
215    @a184页@d24cm
330    @a本书主要立足于羽毛球运动,对其教学以及训练的相关策略进行分析和讨论。首先,阐述羽毛球运动教学与训练的基础;其次通过羽毛球运动的基本技术和战术来论述教学与训练策略;再次,讨论身体素质和心理的相关训练;最后对羽毛球运动教学与训练的创新进行分析。本书通过多种方式使全书达到结构清晰、语言准确、全面深刻的要求,同时把羽毛球运动的理论知识和实践创新结合在一起,力求夯实我国羽毛球运动教学的理论基础,为羽毛球运动教学体系的构建与创新提供可行性策略。
606 0  @a羽毛球运动@x体育教学@x教学研究
690    @aG847.2@v5
690    @aG847@v4
701  0 @a邓永兴@Adeng yong xing@4著
801  0 @aCN@b山东中教@c20231119
905    @aBZT@dG847@e5
    
    羽毛球运动教学与创新研究/邓永兴著.-汕头:汕头大学出版社,2022
    184页;24cm
    
    
    ISBN 978-7-5658-4689-2:CNY58.00
    本书主要立足于羽毛球运动,对其教学以及训练的相关策略进行分析和讨论。首先,阐述羽毛球运动教学与训练的基础;其次通过羽毛球运动的基本技术和战术来论述教学与训练策略;再次,讨论身体素质和心理的相关训练;最后对羽毛球运动教学与训练的创新进行分析。本书通过多种方式使全书达到结构清晰、语言准确、全面深刻的要求,同时把羽毛球运动的理论知识和实践创新结合在一起,力求夯实我国羽毛球运动教学的理论基础,为羽毛球运动教学体系的构建与创新提供可行性策略。
●
相关链接 在五车中查询图书 在当当中查询图书 在豆瓣中查询图书


正题名:羽毛球运动教学与创新研究     索取号:G847/5         预约/预借

序号 登录号 条形码 馆藏地/架位号 状态 备注
1 2000985599   2000985599   中教第一批/山东中教(第一批)/361/ [索取号:G847/5] 在馆    
2 2000985600   2000985600   中教第一批/山东中教(第一批)/361/ [索取号:G847/5] 在馆    
3 2000985601   2000985601   中教第一批/山东中教(第一批)/361/ [索取号:G847/5] 在馆    
4 2000985602   2000985602   中教第一批/山东中教(第一批)/361/ [索取号:G847/5] 在馆    
5 2000985603   2000985603   中教第一批/山东中教(第一批)/361/ [索取号:G847/5] 在馆    
6 2000985604   2000985604   中教第一批/山东中教(第一批)/361/ [索取号:G847/5] 在馆    
山东省滨州职业学院图书馆 欢迎您!
大连网信软件有限公司© 版权所有